[Event "Sport Summer 2016"]
[Site "Paracin"]
[Date "2016.07.13"]
[Round "8.10"]
[White "Lajthajm, Borko"]
[Black "Nester, Ihor"]
[Result "0-1"]
[BlackElo "2300"]
[WhiteElo "2433"]
[LiveChessVersion "1.4.8"]

1. c4 {[%clk 1:30:59]} f5 {[%clk 1:30:40]} 2. Nc3 {[%clk 1:30:30]} Nf6
{[%clk 1:31:01]} 3. g3 {[%clk 1:30:40]} g6 {[%clk 1:29:27]} 4. Bg2
{[%clk 1:30:53]} Bg7 {[%clk 1:29:48]} 5. h4 {[%clk 1:30:29]} e5 {[%clk 1:25:51]}
6. d3 {[%clk 1:30:49]} c6 {[%clk 1:25:44]} 7. Nf3 {[%clk 1:30:24]} d6
{[%clk 1:25:54]} 8. Bg5 {[%clk 1:26:45]} h6 {[%clk 1:24:50]} 9. Bd2
{[%clk 1:26:35]} Be6 {[%clk 1:22:46]} 10. c5 {[%clk 1:26:17]} Na6
{[%clk 1:22:36]} 11. cxd6 {[%clk 1:26:11]} Qxd6 {[%clk 1:22:52]} 12. Qa4
{[%clk 1:25:42]} Nc5 {[%clk 1:17:16]} 13. Qa3 {[%clk 1:24:45]} e4
{[%clk 1:12:26]} 14. Bf4 {[%clk 1:24:49]} Nxd3+ {[%clk 1:12:02]} 15. exd3
{[%clk 1:24:33]} Qxa3 {[%clk 1:12:26]} 16. bxa3 {[%clk 1:24:46]} exf3
{[%clk 1:12:39]} 17. Bxf3 {[%clk 1:25:01]} Nd5 {[%clk 1:11:30]} 18. Nxd5
{[%clk 1:23:41]} Bxd5 {[%clk 1:11:48]} 19. Bxd5 {[%clk 1:24:03]} Bxa1
{[%clk 1:12:10]} 20. Bb3 {[%clk 1:23:52]} Bc3+ {[%clk 1:11:24]} 21. Ke2
{[%clk 1:23:31]} Kf8 {[%clk 1:10:12]} 22. Rc1 {[%clk 1:22:11]} Bf6
{[%clk 1:10:24]} 23. h5 {[%clk 1:21:57]} Kg7 {[%clk 1:08:14]} 24. hxg6
{[%clk 1:21:30]} Kxg6 {[%clk 1:07:27]} 25. Rc4 {[%clk 1:20:22]} Rhe8+
{[%clk 1:07:40]} 26. Be3 {[%clk 1:20:44]} Rad8 {[%clk 1:07:25]} 27. Kd2
{[%clk 1:20:56]} a6 {[%clk 1:06:47]} 28. a4 {[%clk 1:20:20]} Bg5 {[%clk 1:06:06]}
29. f4 {[%clk 1:19:49]} Bf6 {[%clk 1:06:28]} 30. Bd1 {[%clk 1:20:01]} Rd7
{[%clk 1:01:51]} 31. g4 {[%clk 1:19:53]} Red8 {[%clk 1:01:36]} 32. gxf5+
{[%clk 1:18:33]} Kxf5 {[%clk 1:01:47]} 33. Ke2 {[%clk 1:16:39]} Bd4
{[%clk 1:01:37]} 34. Bc1 {[%clk 1:16:39]} Rg8 {[%clk 0:58:23]} 35. Kf3
{[%clk 1:16:04]} Rg1 {[%clk 0:57:35]} 36. Be2 {[%clk 1:16:25]} Rdg7 37. Rxd4 Rxc1
38. Rd8 Re7 39. Rd4 Re1 40. Re4 Rxe2 0-1

[Event "Sport Summer 2016"]
[Site "Paracin"]
[Date "2016.07.13"]
[Round "8.11"]
[White "Ratkovic, Miloje"]
[Black "Tuna, Alp"]
[Result "1-0"]
[BlackElo "2105"]
[WhiteElo "2404"]
[LiveChessVersion "1.4.8"]

1. d4 d5 2. c4 c6 3. Nc3 Nf6 4. e3 Bf5 5. Nf3 e6 6. Bd3 Bg6 7. O-O Nbd7 8. Bxg6
hxg6 9. h3 Bd6 10. Qe2 O-O 11. e4 dxe4 12. Nxe4 Nxe4 13. Qxe4 Re8 14. Rd1 Qa5 15.
Bf4 Qc7 16. Be5 Rad8 17. Qf4 Nxe5 18. dxe5 Be7 19. h4 Qb6 20. b3 Rxd1+ 21. Rxd1
Rd8 22. Rxd8+ Qxd8 23. g3 Qd3 24. Kg2 Kf8 25. Qd2 Qxd2 26. Nxd2 Bb4 27. Ne4 Ke7
28. f4 Ba3 29. Kf3 Bb4 30. Nf2 Bc5 31. Nd3 Bg1 32. Ke2 Ke8 33. Ne1 Bc5 34. Nf3
Ke7 35. Nd2 Ba3 36. Ne4 Bb4 37. Ke3 f5 38. Ng5 Be1 39. Kf3 Bd2 40. Ke2 Bb4 41.
Nf3 Bc5 42. Ne1 Bd4 43. Nc2 Bg1 44. b4 a5 45. bxa5 Bc5 46. Na1 Bg1 47. Nb3 Kd7
48. Kf3 Ke7 49. g4 Kd7 50. Nc1 Ba7 51. Nd3 Bd4 52. g5 c5 53. Nc1 Bc3 54. Nb3 Kc6
55. Ke2 Bb4 56. Kd1 Kc7 57. Kc2 Kc6 58. Kd3 Kc7 59. Ke3 Kc6 60. Ke2 Bc3 61. Kd3
Bb4 62. Ke3 Bc3 63. Ke2 Bb4 64. Kd1 Kc7 65. Na1 Bxa5 66. Nc2 Kc6 67. Na3 Bd8 68.
Nb5 Be7 69. Kc2 Kb6 70. Kb3 Kc6 71. Na7+ Kc7 72. Ka4 Bf8 73. Ka5 Be7 74. Nb5+ Kc6
75. Nc3 Bd8+ 76. Ka4 Be7 77. Ne2 Bd8 78. Ng3 b5+ 79. cxb5+ Kd5 80. h5 gxh5 81.
Nxh5 g6 82. Ng7 Bxg5 83. fxg5 f4 84. b6 Kc6 85. b7 Kxb7 86. Nxe6 f3 87. Nxc5+ 1-0

[Event "Sport Summer 2016"]
[Site "Paracin"]
[Date "2016.07.13"]
[Round "8.12"]
[White "Kaufeld, Juergen"]
[Black "Atakisi, Umut"]
[Result "0-1"]
[BlackElo "2378"]
[WhiteElo "2271"]
[LiveChessVersion "1.4.8"]

1. d4 {[%clk 1:30:57]} d5 {[%clk 1:29:28]} 2. c4 {[%clk 1:30:56]} c6
{[%clk 1:29:54]} 3. Nf3 {[%clk 1:31:18]} Nf6 {[%clk 1:30:17]} 4. Nc3
{[%clk 1:31:42]} dxc4 {[%clk 1:30:41]} 5. a4 {[%clk 1:32:06]} Bf5
{[%clk 1:31:07]} 6. Ne5 {[%clk 1:30:54]} Nbd7 {[%clk 1:30:57]} 7. Nxc4
{[%clk 1:31:14]} Nb6 {[%clk 1:31:14]} 8. Ne5 {[%clk 1:31:37]} a5 {[%clk 1:31:35]}
9. h4 {[%clk 1:32:00]} g6 {[%clk 1:30:56]} 10. f3 {[%clk 1:29:17]} Be6
{[%clk 1:31:01]} 11. e4 {[%clk 1:28:16]} Bg7 {[%clk 1:31:24]} 12. Be3
{[%clk 1:26:57]} Nh5 {[%clk 1:26:58]} 13. Kf2 {[%clk 1:21:22]} f5
{[%clk 1:25:39]} 14. exf5 {[%clk 1:07:47]} gxf5 {[%clk 1:25:37]} 15. f4
{[%clk 1:05:28]} Nf6 {[%clk 1:25:22]} 16. h5 {[%clk 1:05:44]} Nbd5
{[%clk 1:01:01]} 17. h6 {[%clk 0:57:56]} Nxc3 18. bxc3 {[%clk 0:57:49]} Ne4+
{[%clk 0:53:41]} 19. Kg1 {[%clk 0:55:34]} Bxe5 20. fxe5 {[%clk 0:52:17]} Nxc3
{[%clk 0:50:46]} 21. Qh5+ {[%clk 0:49:42]} Kd7 {[%clk 0:50:54]} 22. Bd3
{[%clk 0:44:42]} Qe8 {[%clk 0:35:33]} 23. Bxf5 {[%clk 0:39:29]} Qxh5 24. Rxh5
{[%clk 0:39:38]} Bxf5 {[%clk 0:30:50]} 25. Rxf5 {[%clk 0:40:01]} Rhf8
{[%clk 0:27:51]} 26. Rg5 {[%clk 0:37:37]} Ke6 {[%clk 0:21:41]} 27. Rg7
{[%clk 0:34:31]} Rf7 28. Kh2 {[%clk 0:32:09]} Nd5 {[%clk 0:13:12]} 29. Bd2
{[%clk 0:29:48]} Rf2 {[%clk 0:09:06]} 30. Be1 {[%clk 0:22:10]} Re2
{[%clk 0:09:08]} 31. Rxh7 {[%clk 0:12:33]} Ne3 {[%clk 0:09:20]} 32. Rg7
{[%clk 0:10:06]} Rh8 {[%clk 0:08:52]} 33. Bxa5 {[%clk 0:07:03]} Rxh6+
{[%clk 0:08:53]} 34. Kg1 {[%clk 0:07:27]} Nf5 {[%clk 0:07:04]} 35. Rg4
{[%clk 0:07:43]} Ne3 {[%clk 0:06:23]} 36. Rg7 {[%clk 0:08:08]} Nf5
{[%clk 0:06:22]} 37. Rg4 {[%clk 0:08:32]} Rh4 {[%clk 0:05:33]} 38. Rxh4
{[%clk 0:04:25]} Nxh4 {[%clk 0:06:00]} 39. Bb6 {[%clk 0:03:03]} Rxg2+
{[%clk 0:06:01]} 40. Kf1 {[%clk 0:03:27]} Rb2 {[%clk 0:05:42]} 41. Bc5
{[%clk 0:03:52]} b6 {[%clk 0:04:49]} 42. Ba3 {[%clk 0:03:50]} Rh2
{[%clk 0:05:11]} 43. Rc1 {[%clk 0:01:33]} Kd5 {[%clk 0:05:40]} 44. Rc3
{[%clk 0:01:16]} Nf5 {[%clk 0:06:04]} 45. Rb3 {[%clk 0:01:14]} Ra2
{[%clk 0:04:54]} 46. Bb2 {[%clk 0:00:47]} Rxa4 {[%clk 0:05:18]} 47. Rxb6
{[%clk 0:01:12]} Ne3+ {[%clk 0:05:45]} 48. Ke1 {[%clk 0:00:55]} Nc4
{[%clk 0:06:08]} 49. Rb7 {[%clk 0:01:13]} Nxb2 {[%clk 0:06:25]} 50. Rxb2
{[%clk 0:01:38]} Rxd4 {[%clk 0:06:50]} 0-1

[Event "Sport Summer 2016"]
[Site "Paracin"]
[Date "2016.07.13"]
[Round "8.13"]
[White "Agdelen, Huseyin Can"]
[Black "Radovanovic, Mihajlo"]
[Result "1/2-1/2"]
[BlackElo "2362"]
[WhiteElo "2061"]
[LiveChessVersion "1.4.8"]

1. e4 {[%clk 1:30:57]} e5 {[%clk 1:30:57]} 2. Nf3 {[%clk 1:31:13]} Nc6
{[%clk 1:31:22]} 3. Bb5 {[%clk 1:31:31]} a6 {[%clk 1:31:48]} 4. Ba4
{[%clk 1:31:55]} Nge7 {[%clk 1:32:15]} 5. O-O {[%clk 1:28:36]} g6
{[%clk 1:32:34]} 6. c3 {[%clk 1:23:37]} Bg7 {[%clk 1:32:40]} 7. d4
{[%clk 1:23:04]} exd4 {[%clk 1:33:04]} 8. cxd4 {[%clk 1:23:30]} b5
{[%clk 1:33:27]} 9. Bb3 {[%clk 1:22:56]} O-O {[%clk 1:33:34]} 10. d5
{[%clk 1:05:23]} Na5 {[%clk 1:33:21]} 11. Bc2 {[%clk 1:05:48]} d6
{[%clk 1:24:55]} 12. Nc3 {[%clk 1:03:19]} Nc4 {[%clk 1:24:21]} 13. Nd4
{[%clk 0:53:31]} Bb7 {[%clk 1:07:53]} 14. b3 {[%clk 0:51:43]} c5 {[%clk 1:07:16]}
15. dxc6 {[%clk 0:47:53]} Nxc6 {[%clk 1:07:41]} 16. Nde2 {[%clk 0:47:07]} N4e5
{[%clk 1:04:30]} 17. Bb2 Nb4 {[%clk 0:50:40]} 18. Bb1 {[%clk 0:42:07]} Rc8
{[%clk 0:49:18]} 19. a3 {[%clk 0:41:03]} Nbc6 {[%clk 0:49:45]} 20. Qd2
{[%clk 0:40:44]} Na5 {[%clk 0:43:42]} 21. Ba2 {[%clk 0:34:57]} Qh4
{[%clk 0:37:54]} 22. f4 {[%clk 0:30:40]} Ng4 {[%clk 0:37:14]} 23. h3
{[%clk 0:31:03]} Nf6 {[%clk 0:37:41]} 24. Nd4 {[%clk 0:27:51]} Nc6
{[%clk 0:34:17]} 25. Nf3 {[%clk 0:27:51]} Qh6 {[%clk 0:33:43]} 26. Rae1
{[%clk 0:27:34]} Rfe8 {[%clk 0:30:36]} 27. b4 {[%clk 0:25:53]} Rcd8 28. Ng5
{[%clk 0:23:30]} Rd7 {[%clk 0:28:22]} 29. Nd1 {[%clk 0:20:29]} Nd8
{[%clk 0:27:49]} 30. Nf2 {[%clk 0:20:46]} Qh4 {[%clk 0:23:27]} 31. Nf3
{[%clk 0:17:04]} Qh6 {[%clk 0:23:53]} 32. Ng5 {[%clk 0:17:29]} Qh4
{[%clk 0:19:25]} 33. Nf3 {[%clk 0:10:13]} Qh6 {[%clk 0:19:48]} 34. Ng5
{[%clk 0:10:40]} 1/2-1/2

[Event "Sport Summer 2016"]
[Site "Paracin"]
[Date "2016.07.13"]
[Round "8.14"]
[White "Baglan, Esat"]
[Black "Cvetkovic, Srdjan"]
[Result "1-0"]
[BlackElo "2306"]
[WhiteElo "2246"]
[LiveChessVersion "1.4.8"]

1. e4 {[%clk 1:27:28]} c5 {[%clk 1:30:38]} 2. Nf3 {[%clk 1:27:51]} e6
{[%clk 1:30:48]} 3. d4 {[%clk 1:28:13]} cxd4 {[%clk 1:31:10]} 4. Nxd4
{[%clk 1:28:39]} Nc6 {[%clk 1:30:16]} 5. Nc3 {[%clk 1:29:01]} a6 {[%clk 1:30:16]}
6. Nxc6 {[%clk 1:29:23]} bxc6 {[%clk 1:30:40]} 7. Bd3 {[%clk 1:29:47]} d5
{[%clk 1:29:59]} 8. O-O {[%clk 1:30:11]} Nf6 {[%clk 1:29:20]} 9. Qe2
{[%clk 1:30:35]} Be7 {[%clk 1:26:39]} 10. b3 {[%clk 1:30:58]} O-O
{[%clk 1:07:58]} 11. Bb2 {[%clk 1:31:03]} Bb7 {[%clk 0:56:53]} 12. Rad1
{[%clk 1:31:02]} Qc7 {[%clk 0:54:59]} 13. Na4 {[%clk 1:25:35]} dxe4
{[%clk 0:34:16]} 14. Bxe4 {[%clk 1:25:45]} Nxe4 {[%clk 0:34:18]} 15. Qxe4
{[%clk 1:26:12]} c5 {[%clk 0:31:26]} 16. Qg4 {[%clk 1:24:34]} g6 {[%clk 0:31:52]}
17. Qc4 {[%clk 1:23:06]} Rad8 {[%clk 0:24:18]} 18. Rd3 {[%clk 1:11:17]} Rxd3
{[%clk 0:24:18]} 19. cxd3 {[%clk 1:11:17]} Rd8 {[%clk 0:23:19]} 20. f3
{[%clk 0:26:46]} Rd5 21. Re1 {[%clk 0:26:46]} e5 {[%clk 0:12:47]} 22. Ba3
{[%clk 0:19:11]} Rd4 {[%clk 0:07:23]} 23. Qc2 {[%clk 0:17:21]} Bc6
{[%clk 0:04:47]} 24. Nxc5 {[%clk 0:16:32]} Bxc5 {[%clk 0:03:29]} 25. Qxc5
{[%clk 0:16:54]} Rd8 {[%clk 0:03:38]} 26. d4 {[%clk 0:15:32]} Qd7
{[%clk 0:03:06]} 27. dxe5 {[%clk 0:15:37]} f5 {[%clk 0:02:15]} 28. e6
{[%clk 0:15:36]} Qd2 {[%clk 0:01:36]} 29. Qe5 {[%clk 0:15:30]} 1-0

[Event "Sport Summer 2016"]
[Site "Paracin"]
[Date "2016.07.13"]
[Round "8.15"]
[White "Rajkovic, Mladen"]
[Black "Damljanovic, Branko"]
[Result "0-1"]
[BlackElo "2557"]
[WhiteElo "2303"]
[LiveChessVersion "1.4.8"]

1. e4 c5 {[%clk 1:29:45]} 2. Nf3 {[%clk 1:31:14]} e6 {[%clk 1:30:12]} 3. g3
{[%clk 1:31:38]} Nc6 {[%clk 1:30:15]} 4. Bg2 {[%clk 1:31:57]} Nf6
{[%clk 1:30:35]} 5. Qe2 {[%clk 1:32:11]} d5 {[%clk 1:30:54]} 6. exd5
{[%clk 1:32:31]} Nxd5 {[%clk 1:31:19]} 7. O-O {[%clk 1:32:50]} Be7
{[%clk 1:31:43]} 8. Rd1 {[%clk 1:33:02]} Bf6 {[%clk 1:25:42]} 9. Nc3
{[%clk 1:30:30]} Ndb4 {[%clk 1:20:31]} 10. d3 {[%clk 1:21:31]} Nd4
{[%clk 1:18:21]} 11. Nxd4 {[%clk 1:21:39]} cxd4 {[%clk 1:18:49]} 12. Ne4
{[%clk 1:21:12]} Be7 {[%clk 1:19:17]} 13. c3 {[%clk 1:14:21]} Nc6
{[%clk 1:16:54]} 14. Qh5 {[%clk 1:07:08]} h6 {[%clk 1:09:39]} 15. f4
{[%clk 0:52:37]} a5 {[%clk 1:06:31]} 16. a4 {[%clk 0:50:08]} O-O 17. g4
{[%clk 0:42:24]} f5 {[%clk 0:57:57]} 18. Ng3 {[%clk 0:40:16]} Kh7
{[%clk 0:51:38]} 19. g5 {[%clk 0:38:18]} Bd7 {[%clk 0:47:13]} 20. Kh1
{[%clk 0:29:21]} Qe8 {[%clk 0:37:31]} 21. Qxe8 Raxe8 {[%clk 0:37:59]} 22. h4
{[%clk 0:23:25]} Rh8 {[%clk 0:37:51]} 23. Bf3 {[%clk 0:22:38]} e5 24. cxd4
{[%clk 0:09:49]} Nxd4 {[%clk 0:28:00]} 25. Bd5 {[%clk 0:07:53]} hxg5
{[%clk 0:22:45]} 26. fxg5 {[%clk 0:07:23]} Bc6 {[%clk 0:21:47]} 27. Bxc6
{[%clk 0:07:26]} bxc6 {[%clk 0:22:16]} 28. Kg2 {[%clk 0:06:17]} f4
{[%clk 0:22:34]} 29. Ne4 {[%clk 0:06:29]} Kg6 {[%clk 0:23:02]} 30. Rh1
{[%clk 0:05:27]} Rb8 {[%clk 0:23:20]} 31. Nd2 {[%clk 0:03:38]} Kf5
{[%clk 0:22:08]} 32. Rh3 {[%clk 0:02:28]} Nb3 {[%clk 0:19:57]} 33. Nxb3
{[%clk 0:02:16]} Rxb3 {[%clk 0:20:24]} 34. Rb1 {[%clk 0:02:10]} Bb4
{[%clk 0:20:28]} 35. d4 {[%clk 0:01:28]} Rxh3 {[%clk 0:20:45]} 36. Kxh3
{[%clk 0:01:57]} exd4 {[%clk 0:18:06]} 37. b3 {[%clk 0:02:22]} Re8
{[%clk 0:18:13]} 38. Rb2 {[%clk 0:01:56]} Re1 {[%clk 0:18:15]} 39. Rc2
{[%clk 0:01:30]} c5 {[%clk 0:18:33]} 0-1

[Event "Sport Summer 2016"]
[Site "Paracin"]
[Date "2016.07.13"]
[Round "8.16"]
[White "Gajic, Mladen"]
[Black "Obodchuk, Andrei"]
[Result "1/2-1/2"]
[BlackElo "2395"]
[WhiteElo "2295"]
[LiveChessVersion "1.4.8"]

1. e4 {[%clk 1:30:38]} c5 {[%clk 1:30:53]} 2. c3 {[%clk 1:31:04]} d5
{[%clk 1:31:20]} 3. exd5 {[%clk 1:31:30]} Qxd5 {[%clk 1:31:33]} 4. d4
{[%clk 1:31:55]} Nf6 {[%clk 1:31:55]} 5. Nf3 {[%clk 1:31:59]} Nc6
{[%clk 1:32:16]} 6. dxc5 {[%clk 1:31:50]} Qxd1+ {[%clk 1:32:38]} 7. Kxd1
{[%clk 1:32:17]} Bf5 {[%clk 1:32:56]} 8. Bb5 {[%clk 1:29:27]} e6 {[%clk 1:26:52]}
9. b4 {[%clk 1:16:07]} Be7 {[%clk 1:18:09]} 10. Ke2 {[%clk 1:07:46]} Nd5
{[%clk 0:59:00]} 11. Bd2 {[%clk 1:00:55]} Bf6 {[%clk 0:58:25]} 12. Nd4
{[%clk 0:59:56]} Ndxb4 {[%clk 0:53:19]} 13. cxb4 {[%clk 1:00:09]} Bxd4
{[%clk 0:53:35]} 14. Bc3 {[%clk 1:00:18]} O-O-O {[%clk 0:51:05]} 15. Bxc6 bxc6
{[%clk 0:51:03]} 16. Rd1 {[%clk 1:00:57]} e5 {[%clk 0:48:48]} 17. Bxd4
{[%clk 1:01:02]} exd4 18. Kd2 {[%clk 0:56:13]} a5 {[%clk 0:39:58]} 19. a3
{[%clk 0:54:32]} Rhe8 {[%clk 0:37:16]} 20. Ra2 {[%clk 0:53:48]} Be4
{[%clk 0:34:32]} 21. f3 {[%clk 0:51:49]} Bd5 {[%clk 0:34:59]} 22. Rb2
{[%clk 0:52:04]} a4 {[%clk 0:35:16]} 23. Re1 {[%clk 0:51:12]} Bc4
{[%clk 0:35:10]} 24. Rc2 {[%clk 0:41:18]} Be6 {[%clk 0:32:02]} 25. Kc1
{[%clk 0:40:02]} Bf5 {[%clk 0:19:47]} 26. Rce2 {[%clk 0:39:20]} Kd7 27. Rxe8
{[%clk 0:28:54]} Rxe8 {[%clk 0:19:33]} 28. Rxe8 Kxe8 {[%clk 0:19:56]} 29. Nd2
{[%clk 0:29:23]} Bd3 {[%clk 0:19:16]} 30. f4 {[%clk 0:29:04]} Kd7
{[%clk 0:18:24]} 31. Nf3 {[%clk 0:23:00]} Be4 {[%clk 0:18:37]} 32. Nxd4
{[%clk 0:13:09]} Bxg2 {[%clk 0:18:58]} 33. Kd2 {[%clk 0:11:03]} f6
{[%clk 0:16:18]} 34. h4 {[%clk 0:10:43]} g6 {[%clk 0:16:33]} 35. Ke3
{[%clk 0:10:44]} Bf1 {[%clk 0:15:32]} 36. Kf2 {[%clk 0:05:16]} Bc4
{[%clk 0:15:47]} 37. Kg3 {[%clk 0:05:38]} Bd3 {[%clk 0:13:42]} 38. h5
{[%clk 0:03:49]} Bc4 {[%clk 0:13:12]} 39. h6 {[%clk 0:03:11]} Bd3
{[%clk 0:10:56]} 40. Kf3 {[%clk 0:03:33]} Bc4 {[%clk 0:11:10]} 41. Ke3
{[%clk 0:03:52]} Kc7 {[%clk 0:09:47]} 42. Nf3 {[%clk 0:04:02]} Bd5
{[%clk 0:06:24]} 43. Nh4 {[%clk 0:04:25]} Bg8 {[%clk 0:06:40]} 44. Kd4
{[%clk 0:04:28]} Kd7 {[%clk 0:06:31]} 45. Ng2 {[%clk 0:02:12]} Bb3
{[%clk 0:06:27]} 46. Ne3 {[%clk 0:02:38]} Ke6 {[%clk 0:05:55]} 47. Ke4
{[%clk 0:00:53]} Ke7 {[%clk 0:04:52]} 48. Kd4 {[%clk 0:00:50]} Kd7
{[%clk 0:03:32]} 49. Ng2 {[%clk 0:00:44]} Bf7 {[%clk 0:03:29]} 50. Ne3
{[%clk 0:00:42]} Ke8 1/2-1/2

[Event "Sport Summer 2016"]
[Site "Paracin"]
[Date "2016.07.13"]
[Round "8.17"]
[White "Tomic, Aleksandar"]
[Black "Radovanovic, Nikola"]
[Result "0-1"]
[BlackElo "2392"]
[WhiteElo "2272"]
[LiveChessVersion "1.4.8"]

1. d4 {[%clk 1:30:57]} d6 {[%clk 1:30:55]} 2. g3 {[%clk 1:30:28]} Nf6
{[%clk 1:30:35]} 3. Nf3 {[%clk 1:30:48]} g6 {[%clk 1:30:36]} 4. Bg2
{[%clk 1:31:11]} Bg7 {[%clk 1:30:59]} 5. O-O {[%clk 1:31:35]} O-O
{[%clk 1:31:14]} 6. a4 {[%clk 1:31:59]} a5 {[%clk 1:31:20]} 7. Nc3
{[%clk 1:28:51]} c6 {[%clk 1:28:00]} 8. e4 {[%clk 1:27:05]} Qc7 {[%clk 1:27:07]}
9. h3 {[%clk 1:23:54]} e5 {[%clk 1:26:23]} 10. Be3 {[%clk 1:21:42]} Na6
{[%clk 1:20:05]} 11. Qd2 {[%clk 1:16:30]} Re8 {[%clk 1:19:45]} 12. Rfe1
{[%clk 1:16:02]} Nd7 {[%clk 1:12:29]} 13. Rad1 {[%clk 1:11:53]} Nb4
{[%clk 1:10:21]} 14. b3 {[%clk 1:08:37]} Bf8 {[%clk 0:50:16]} 15. Kh2
{[%clk 1:03:18]} Nb6 16. Nh4 {[%clk 0:54:08]} Be6 {[%clk 0:33:29]} 17. Re2
{[%clk 0:31:27]} f6 {[%clk 0:26:43]} 18. Qe1 {[%clk 0:24:55]} Bf7
{[%clk 0:24:06]} 19. f3 Rad8 {[%clk 0:21:11]} 20. Qf2 {[%clk 0:21:40]} Nd7
{[%clk 0:19:11]} 21. Red2 {[%clk 0:15:00]} Be7 {[%clk 0:13:30]} 22. Bf1
{[%clk 0:10:58]} d5 {[%clk 0:10:31]} 23. Ng2 {[%clk 0:07:00]} Qc8
{[%clk 0:07:00]} 24. exd5 {[%clk 0:05:50]} cxd5 {[%clk 0:07:05]} 25. Nb5
{[%clk 0:05:41]} Nc6 {[%clk 0:05:34]} 26. h4 {[%clk 0:03:37]} Qb8
{[%clk 0:01:50]} 27. Ne1 {[%clk 0:02:42]} exd4 {[%clk 0:01:32]} 28. Bf4
{[%clk 0:01:41]} Nde5 {[%clk 0:01:20]} 29. Nxd4 {[%clk 0:01:53]} Bb4
{[%clk 0:01:15]} 30. Re2 {[%clk 0:01:28]} Nxd4 {[%clk 0:01:24]} 31. Rxd4
{[%clk 0:01:08]} Bc5 {[%clk 0:01:19]} 32. c3 {[%clk 0:00:53]} Qc8
{[%clk 0:00:36]} 33. Be3 {[%clk 0:01:06]} Bxd4 {[%clk 0:00:47]} 34. Bxd4
{[%clk 0:01:35]} Kg7 {[%clk 0:00:40]} 35. Bh3 {[%clk 0:00:59]} Be6
{[%clk 0:00:42]} 36. Bg2 {[%clk 0:00:49]} Bf5 {[%clk 0:00:34]} 37. Rd2
{[%clk 0:00:57]} Nc6 {[%clk 0:00:39]} 38. Bb6 {[%clk 0:01:10]} Rd7
{[%clk 0:00:45]} 39. Nd3 {[%clk 0:01:01]} Bxd3 {[%clk 0:00:42]} 40. Rxd3
{[%clk 0:01:30]} Rde7 {[%clk 0:00:38]} 41. Rd2 {[%clk 0:00:37]} Qf5
{[%clk 0:00:34]} 42. f4 {[%clk 0:00:46]} Qb1 {[%clk 0:00:33]} 43. Bxd5
{[%clk 0:00:40]} Re1 {[%clk 0:00:39]} 44. Bc4 {[%clk 0:00:38]} Rh1+
{[%clk 0:00:41]} 45. Kg2 {[%clk 0:01:05]} Qe4+ {[%clk 0:00:40]} 0-1

[Event "Sport Summer 2016"]
[Site "Paracin"]
[Date "2016.07.13"]
[Round "8.18"]
[White "Topalov, Aleksandar"]
[Black "Brankovic, Dejan"]
[Result "1/2-1/2"]
[BlackElo "2353"]
[WhiteElo "2250"]
[LiveChessVersion "1.4.8"]

1. b3 {[%clk 1:30:51]} Nf6 {[%clk 1:30:54]} 2. Bb2 {[%clk 1:31:16]} e6
{[%clk 1:31:18]} 3. Nf3 {[%clk 1:31:20]} b6 {[%clk 1:31:41]} 4. g3
{[%clk 1:30:50]} Bb7 {[%clk 1:32:05]} 5. Bg2 {[%clk 1:31:07]} Be7
{[%clk 1:32:16]} 6. O-O {[%clk 1:31:05]} O-O {[%clk 1:32:23]} 7. d3
{[%clk 1:30:56]} d5 {[%clk 1:32:42]} 8. Nbd2 {[%clk 1:30:51]} Nbd7
{[%clk 1:25:21]} 9. e4 {[%clk 1:27:47]} dxe4 {[%clk 1:20:18]} 10. Ng5
{[%clk 1:28:03]} Nc5 {[%clk 1:13:31]} 11. Ngxe4 {[%clk 1:27:50]} Ncxe4
{[%clk 0:59:16]} 12. Nxe4 {[%clk 1:28:06]} Nxe4 {[%clk 0:58:38]} 13. Bxe4
{[%clk 1:28:11]} Bxe4 {[%clk 0:56:03]} 14. dxe4 {[%clk 1:28:25]} Qxd1
{[%clk 0:53:14]} 15. Rfxd1 {[%clk 1:28:18]} Rfd8 {[%clk 0:52:23]} 16. Be5
{[%clk 1:23:47]} Bd6 {[%clk 0:40:37]} 17. Bxd6 {[%clk 1:20:52]} cxd6 18. Rd4 Kf8
19. Rad1 Ke7 20. c4 Rac8 21. Kf1 Rc6 22. Ke2 e5 23. Rd5 Rc5 24. Ke3 1/2-1/2

[Event "Sport Summer 2016"]
[Site "Paracin"]
[Date "2016.07.13"]
[Round "8.19"]
[White "Tosic, Srecko"]
[Black "Krstulovic, Alex"]
[Result "1/2-1/2"]
[BlackElo "2280"]
[WhiteElo "2340"]
[LiveChessVersion "1.4.8"]

1. d4 d5 2. Nf3 Nf6 3. c4 c6 4. Nbd2 Bf5 5. Nh4 Be4 6. f3 Bg6 7. e3 e6 8. g3 Nbd7
9. Qb3 Qc7 10. Kf2 Be7 11. Bg2 Bh5 12. Bf1 O-O 13. Ng2 a6 14. Nf4 dxc4 15. Bxc4
b5 16. Be2 Bg6 17. Nxg6 hxg6 18. Qc2 c5 19. Nb3 c4 20. Rd1 Qb6 21. Nd2 Rac8 22.
f4 Nd5 23. Ne4 f5 24. Nc3 N7f6 25. Bf3 Nb4 26. Qb1 Nd3+ 27. Rxd3 cxd3 28. Qxd3 b4
29. Ne2 Qb5 30. Qb3 Qc4 31. Bb7 Ng4+ 32. Ke1 Qxb3 33. axb3 Rc7 34. Bxa6 Ra8 35.
Ra4 Kf7 36. Bb5 Rb8 37. Bc4 Rb6 38. h4 Nf6 39. Bd2 Ne4 40. Kd1 Ke8 41. Be1 Nf6
42. Nc1 Rcb7 43. Nd3 Nd7 44. Ke2 Kd8 45. Kd1 Kc7 46. Bf2 Rb8 47. Ra5 Bf8 48. Kd2
Be7 49. Ke2 Bf8 50. Ne1 Be7 51. Kd3 Kc8 52. Ra7 Bf6 53. Ke2 Be7 54. Nd3 Kd8 55.
Kf3 Ke8 56. g4 Kd8 57. g5 Ke8 58. Ke2 Kd8 59. Ne1 Ke8 60. Nf3 Kd8 61. Kd3 Rd6 62.
Ke2 Rdb6 63. Nd2 Nf8 64. Ba6 Rc6 65. Nc4 Nd7 66. Kd2 Rc7 67. Rxc7 Kxc7 68. Kd3
Kc6 69. Nd2 Nb6 70. Nf3 Bd6 71. Kc2 Nd5 72. Bc4 Rc8 73. Kb1 Kd7 74. Ne1 Ke7 75.
Nd3 Rb8 76. Kc2 Rc8 77. Kb1 Rb8 78. Kc2 1/2-1/2

[Event "Sport Summer 2016"]
[Site "Paracin"]
[Date "2016.07.13"]
[Round "8.20"]
[White "Maksimovic, Bojan"]
[Black "Ardeleanu, Alin"]
[Result "1/2-1/2"]
[BlackElo "2338"]
[WhiteElo "2131"]
[LiveChessVersion "1.4.8"]

1. e4 {[%clk 1:30:54]} g6 {[%clk 1:29:58]} 2. d4 {[%clk 1:31:01]} Bg7
{[%clk 1:29:51]} 3. Nc3 {[%clk 1:30:44]} d6 {[%clk 1:28:44]} 4. f4
{[%clk 1:29:35]} Nf6 {[%clk 1:27:49]} 5. Nf3 {[%clk 1:29:57]} O-O
{[%clk 1:23:16]} 6. Bd3 {[%clk 1:29:50]} Na6 {[%clk 1:19:46]} 7. e5
{[%clk 1:26:51]} Nd7 {[%clk 1:15:42]} 8. Qe2 {[%clk 1:16:32]} Nb6
{[%clk 1:04:01]} 9. Be3 {[%clk 1:11:23]} Nb4 {[%clk 1:03:17]} 10. O-O
{[%clk 1:08:23]} Nxd3 {[%clk 0:56:58]} 11. Qxd3 {[%clk 1:08:18]} Be6
{[%clk 0:47:53]} 12. b3 {[%clk 1:05:53]} c6 {[%clk 0:39:35]} 13. Qe2 Nd5
{[%clk 0:33:18]} 14. Ne4 {[%clk 1:04:09]} Bf5 {[%clk 0:33:14]} 15. Bd2
{[%clk 1:03:54]} b5 {[%clk 0:24:31]} 16. c4 {[%clk 0:57:16]} bxc4 17. bxc4
{[%clk 0:57:40]} Nb6 {[%clk 0:24:33]} 18. Ng3 {[%clk 0:50:13]} Bg4
{[%clk 0:24:16]} 19. Rac1 {[%clk 0:47:42]} Qd7 {[%clk 0:12:57]} 20. h3
{[%clk 0:47:14]} Bxf3 {[%clk 0:11:41]} 21. Rxf3 {[%clk 0:47:31]} dxe5 22. dxe5
{[%clk 0:47:53]} Rfd8 {[%clk 0:11:50]} 23. Bc3 {[%clk 0:45:01]} Na4
{[%clk 0:11:45]} 24. Ba5 Qd4+ {[%clk 0:10:51]} 25. Kh2 {[%clk 0:36:54]} Rdb8
{[%clk 0:08:37]} 26. Rc2 {[%clk 0:27:56]} Rb1 {[%clk 0:07:01]} 27. Ne4
{[%clk 0:27:58]} Nc5 {[%clk 0:06:46]} 28. Nxc5 {[%clk 0:27:34]} Qg1+
{[%clk 0:07:06]} 29. Kg3 {[%clk 0:27:59]} Qxc5 {[%clk 0:07:30]} 30. Bd2
{[%clk 0:27:35]} Rd8 {[%clk 0:04:33]} 31. Rd3 {[%clk 0:26:57]} Rbb8
{[%clk 0:03:18]} 32. Be3 {[%clk 0:26:18]} Qa5 {[%clk 0:03:34]} 33. Rcd2
{[%clk 0:23:41]} Rxd3 {[%clk 0:03:20]} 34. Rxd3 {[%clk 0:22:50]} e6
{[%clk 0:02:57]} 1/2-1/2